banner-ar

المواد الهندسية مقاومتها واختبارها / (Record no. 37799)

MARC details
000 -الفاتح
حقل البيانات ثابتة الطول 00438nam a2200145Ia 4500
008 - عناصر البيانات ثابتة الطول - معلومات عامة
حقل البيانات ثابتة الطول 140319s9999 xx 000 0 ara d
040 ## - مصدر الفهرسة
وكالة الفهرسة الأصلية GCL /
وكالة النسخ GCL
082 04 - رقم تصنيف ديوى العشرى
رقم التصنيف 620.112
رقم المادة ع م
100 1# - المدخل الرئيسى - إسم شخصى
الإسم الشخصى احمد على العريان
245 10 - بيان العنوان
العنوان المواد الهندسية مقاومتها واختبارها /
بيان المسئوليه,etc احمد على العريان
700 1# - المدخل الاضافى - اسم شخصى
الإسم الشخصى عبدالكريم محمد عطا
300 ## - الوصف المادى
التعداد 494 ص
490 ## - بيان السلسلة
عنوان السلسلة
Holdings
حالة التراجع حالة الفقد حالة تلف ليس للاعارة المكان المؤقت الموقع الحالى تاريخ الاكتساب اجمالي اﻻعارات رقم الطلب الباركود تاريخ اخر مشاهدة تاريخ تفعيل السعر نوع وعاء كوها
        مكتبة القاهرة الكبرى مكتبة القاهرة الكبرى 03/26/2014   620.112\ع م 92277 03/26/2014 03/26/2014 كتاب
        مكتبة القاهرة الكبرى مكتبة القاهرة الكبرى 03/26/2014   620.112\ع م 92278 03/26/2014 03/26/2014 كتاب
        مكتبة القاهرة الكبرى مكتبة القاهرة الكبرى 03/26/2014   620.112\ع م 92279 03/26/2014 03/26/2014 كتاب
        مكتبة القاهرة الكبرى مكتبة القاهرة الكبرى 03/26/2014   620.112\ع م 92280 03/26/2014 03/26/2014 كتاب

Powered By

EGPV